Fuzzy set and fuzzy logic (Theory and applications)
This book presents theoretical aspects of fuzzy set theory and fuzzy logic and their applications. The book contains an extensive bibliography. It also contains a bibliographical index, name index and subject index
Uloženo v:
| Hlavní autor: | |
|---|---|
| Médium: | Kniha |
| Jazyk: | Undetermined |
| Vydáno: |
Upper Saddle River, New Jersey
Prentice-Hall
1995
|
| Témata: | |
| Tagy: |
Přidat tag
Žádné tagy, Buďte první, kdo otaguje tento záznam!
|
| Thư viện lưu trữ: | Trung tâm Học liệu Trường Đại học Cần Thơ |
|---|
| LEADER | 00785nam a2200205Ia 4500 | ||
|---|---|---|---|
| 001 | CTU_27206 | ||
| 008 | 210402s9999 xx 000 0 und d | ||
| 020 | |b 107.80Dfl | ||
| 082 | |a 511.3 | ||
| 082 | |b K65 | ||
| 100 | |a George J Klir | ||
| 245 | 0 | |a Fuzzy set and fuzzy logic (Theory and applications) | |
| 245 | 0 | |c George J Klir, Bo Yuan | |
| 260 | |a Upper Saddle River, New Jersey | ||
| 260 | |b Prentice-Hall | ||
| 260 | |c 1995 | ||
| 520 | |a This book presents theoretical aspects of fuzzy set theory and fuzzy logic and their applications. The book contains an extensive bibliography. It also contains a bibliographical index, name index and subject index | ||
| 650 | |a fuzzy logic,fuzzy set | ||
| 904 | |i Minh, 981204 | ||
| 980 | |a Trung tâm Học liệu Trường Đại học Cần Thơ | ||